000 00461nam a2200181Ia 4500
005 20250326140514.0
008 250326s9999 xx 000 0 und d
037 _aTextbook
040 _aFMSL
_beng
_cFMSL
041 _aeng
_2eng
084 _aX:8F M3;4
_qFMSL
100 _aGHOSH
245 0 _aFundamental of management accounting
_cGhosh; Gupta
260 _c1983
300 _a711p
942 _cTB
_hX:8F M3;4
999 _c1286099
_d1286099